| 000 | 00693nam a2200229Ia 4500 | ||
|---|---|---|---|
| 003 | GCL | ||
| 008 | 140319s9999 xx 000 0 ara d | ||
| 040 |
_aGCL / _cGCL |
||
| 082 | 0 | 4 |
_a551.1 _bر ا |
| 100 | 1 | _aراى، ديل لستر | |
| 245 | 1 | 0 |
_aالارض الغامضة / _cراى، ديل لستر |
| 700 | 1 | _aعلى رمضان الحديدى (مترجم) | |
| 700 | 1 | _aابراهيم عبدالقادر محمد | |
| 300 | _a175 ص | ||
| 490 |
_aالالف كتاب _v0 |
||
| 650 | 0 | 4 | _aالجغرافيا الطبيعية |
| 650 | 0 | 4 | _aالجيولوجيا |
| 650 | 0 | 4 | _aالمحيطات |
| 650 | 0 | 4 | _aالارض |
| 650 | 0 | 4 | _aالظواهر الجوية |
| 942 |
_2ddc _cBK |
||
| 999 |
_c40147 _d40147 |
||